Deutsche Twitch-Kanäle mit den meisten Followern - Statistiken

Allgemein
  • Dieses Quiz wurde 1.072 mal gespielt
  • Das Durchschnittsergebnis liegt bei 10 aus 20
Antwortstatistiken
Follower Streamer % Korrekt
4.900.000 MontanaBlack
97%
3.300.000 Trymacs
82%
1.500.000 EliasN97
79%
1.700.000 Papaplatte
78%
993.000 RevedTV
74%
2.200.000 Knossi
67%
1.600.000 Gronkh
63%
1.400.000 BastiGHG
58%
746.000 HoneyPuu
50%
1.600.000 ELoTRiX
45%
1.800.000 Rewinside
44%
1.300.000 MckyTV
42%
838.000 Rohat
41%
827.000 Sidney Eweka
41%
771.000 PietSmiet
35%
1.500.000 Amar
31%
858.000 Anni The Duck
29%
976.000 Inscope21
24%
873.000 Gamerstime
7%
763.000 KamoLRF
3%
Keine übereinstimmenden Quizze gefunden
Verteilung der Resultate
Anzahl Personen mit jedem Resultat
Perzentil nach korrekt beantworteten Fragen
Ihre Resultats-Entwicklung
Sie haben dieses Quiz noch nicht gespielt